00747nam a2200217Ia 4500008004100000020002200041050001700063050001600080100002700096245003900123245007000162260001800232260002200250260000900272300001600281300001100297500005100308650002800359999001900387952012300406180628s9999 xx 000 0 und d a978-971-98-0936-4 aFIL DS 675.8 b.R5O25 2018 aObias, Rhodalyn Wani - 4aThe Life and works of Jose Rizal / 0cRhodalyn Wani-Obias, Aaron Abel Mallari, Janet Reguindin-Estella. aQuezon City : bC & E Publishing, c2018 a181 pages : c22 cm. aIncludes bibliographical references and index. aRizal, Jose, 1861-1896. c358114d358114 001040aSMCbSMCcFILd2018-06-26g265.50l0oFIL DS 675.8 .R5O25 2018pSMC06174r2018-06-28 00:00:00w2018-06-28yBK